000 00776cam a22002294a 4500
001 13959994
005 20250313101300.0
008 050510s2006 njua b 001 0 eng
020 _a0131197576
050 0 0 _aHD62.15
_b.A395 2006
082 0 0 _a658.4/013
_222
100 1 _aAikens, C. Harold.
245 1 0 _aQuality :
_ba corporate force : managing for excellence /
_cC. Harold Aikens.
260 _aUpper Saddle River, N.J. :
_bPearson/Prentice Hall,
_cc2006.
300 _axx, 428 p. :
_bill. ;
_c24 cm.
650 0 _aTotal quality management.
650 0 _aQuality control.
650 0 _aQuality assurance.
650 0 _aSix sigma (Quality control standard)
856 4 1 _3Table of contents
_uhttp://www.loc.gov/catdir/toc/ecip0512/2005013503.html
942 _2lcc
_cBK
_n0
999 _c4739
_d4739